Statystyki dla Rozpoznaj zespół po jednym z jego muzyków

Kliknij tutaj aby rozwiązać quiz!

Ogólne statystyki

  • Ten quiz został rozwiązany 43 razy
  • Średni wynik to 7 z 20

Statystyki odpowiedzi

Osoba:Zespół:% Poprawnych
Radosław LiszewskiWeekend
59%
Mieczysław JureckiBudka Suflera
57%
Sławomir ŁosowskiKombi
54%
Sidney PolakT.Love
54%
Paweł SołoduchaEnej
51%
Benedykt OtrębaDżem
43%
Wojciech JagielskiPoparzeni Kawą Trzy
43%
Grzegorz StróżniakLombard
35%
Ryszard PoznakowskiTrubadurzy
35%
Adam KonkolŁzy
30%
Piotr SujkaIRA
27%
Piotr MorawiecKult
27%
Bartosz ŚniadeckiAfromental
24%
Sławomir GwiazdowskiMIG
24%
Konrad RatyńskiSkaldowie
24%
Andrzej KrzysztofikDwa Plus Jeden
22%
Łukasz KożuchFeel
19%
Łukasz LazerRed Lips
19%
Henryk CzichUniverse
19%
Dariusz TokarzewskiVox
8%

Rozkład punktacji

Percentyl według liczby udzielonych odpowiedzi

Procent ludzi z każdym wynikiem

Twoja historia wyników

Nie rozwiązałeś tego quizu